LEADER 14537nas# 22011291i 450 001 UON00237472 005 20241205093911.892 011 $a0355-1253 017 70$2P$aP 00146332 100 $a20030730a1901 |0itac50 ba 101 $amul 102 $aFI 105 $a|||| 1|||| 110 $aaX||||||||| 200 1 $aFinnisch-ugrische Forschungen$eZeitschrift für finnisch-ugrische Sprach- und Volkskunde$fSuomalais-ugrilainen seura 207 $a1(1901)- 210 $aHelsinki$cSuomalais-ugrilainen Seura$d1901- 215 $avolumi$cillustrazioni$d23 cm 300 $aNon pubblicato dal 1916 al 1922. 316 $aFattura 2130124/2013$5IT-UONSI PER DUOMOA PT126/61(2012) 316 $aPubbl. nel 2014.$5IT-UONSI PER DUOMOA PT126/62(2014) 316 $aPubblicato nel 2016$5IT-UONSI PER DUOMOA PT126/63(2016) 316 $aPubblicato nel 2018$5IT-UONSI PER DUOMOA PT126/64(2018) 316 $aVol. 65$5IT-UONSI PER DUOMOA PT126/65(2020) 316 $aValore stimato$5IT-UONSI PER DUOMOA PT126/1977 316 $aValore stimato$5IT-UONSI PER DUOMOA PT126/1937 316 $aValore stimato$5IT-UONSI PER DUOMOA PT126/1982 316 $aValore stimato$5IT-UONSI PER DUOMOA PT126/1979 316 $aValore stimato$5IT-UONSI PER DUOMOA PT126/1983 316 $aValore stimato$5IT-UONSI PER DUOMOA PT126/1984 316 $aValore stimato$5IT-UONSI PER DUOMOA PT126/1985 316 $aValore stimato$5IT-UONSI PER DUOMOA PT126/1987 316 $aValore stimato$5IT-UONSI PER DUOMOA PT126/1990 316 $aValore stimato$5IT-UONSI PER DUOMOA PT126/1991 316 $aValore stimato$5IT-UONSI PER DUOMOA PT126/1993 316 $aValore stimato$5IT-UONSI PER DUOMOA PT126/1994 316 $aFatt. n. 9602941/96$5IT-UONSI PER DUOMOA PT126 FIN/1996 316 $aFatt. n. 9701240/1$5IT-UONSI PER DUOMOA PT126 FIN/54(1997) 316 $aFatt. N. 9901768 del 17.5.99$5IT-UONSI PER DUOMOA PT126/55(1999) 316 $aTieteellisten seurain valtuuskunta fatt. n. 21621/01$5IT-UONSI PER DUOMOA PT126/56(2001) 316 $aValore stimato$5IT-UONSI PER DUOMOA PT126/1969 316 $aValore stimato$5IT-UONSI PER DUOMOA PT126/1973 316 $aValore stimato$5IT-UONSI PER DUOMOA PT126/1975 316 $aValore stimato$5IT-UONSI PER DUOMOA PT126/1970 316 $aValore stimato Fasc.: 1,2.$5IT-UONSI PER DUOMOA PT126/1971 316 $aValore stimato$5IT-UONSI PER DUOMOA PT126 FIN/1901 316 $aValore stimato$5IT-UONSI PER DUOMOA PT126/1902 316 $aValore stimato$5IT-UONSI PER DUOMOA PT126/1903 316 $aValore stimato$5IT-UONSI PER DUOMOA PT126/1904 316 $aValore stimato$5IT-UONSI PER DUOMOA PT126/1905 316 $aValore stimato$5IT-UONSI PER DUOMOA PT126/1906 316 $aValore stimato$5IT-UONSI PER DUOMOA PT126/1907 316 $aValore stimato$5IT-UONSI PER DUOMOA PT126/1908 316 $aValore stimato$5IT-UONSI PER DUOMOA PT126/1909 316 $aValore stimato$5IT-UONSI PER DUOMOA PT126/1910 316 $aValore stimato$5IT-UONSI PER DUOMOA PT126/1911 316 $aValore stimato$5IT-UONSI PER DUOMOA PT126/1912 316 $aValore stimato$5IT-UONSI PER DUOMOA PT126/1913 316 $aValore stimato$5IT-UONSI PER DUOMOA PT126/1914 316 $aValore stimato$5IT-UONSI PER DUOMOA PT126/1915 316 $aValore stimato$5IT-UONSI PER DUOMOA PT126/1923/24 316 $aValore stimato$5IT-UONSI PER DUOMOA PT126/1925 316 $aValore stimato$5IT-UONSI PER DUOMOA PT126/1927 316 $aValore stimato$5IT-UONSI PER DUOMOA PT126/1929 316 $aValore stimato$5IT-UONSI PER DUOMOA PT126/1933 316 $aValore stimato$5IT-UONSI PER DUOMOA PT126/1934 316 $aValore stimato$5IT-UONSI PER DUOMOA PT126/1935 316 $aValore stimato$5IT-UONSI PER DUOMOA PT126/1938 316 $aValore stimato$5IT-UONSI PER DUOMOA PT126/1938/40 316 $aValore stimato$5IT-UONSI PER DUOMOA PT126/1941 316 $aValore stimato$5IT-UONSI PER DUOMOA PT126/1944 316 $aValore stimato$5IT-UONSI PER DUOMOA PT126/1946 316 $aValore stimato$5IT-UONSI PER DUOMOA PT126/1949/51 316 $aValore stimato$5IT-UONSI PER DUOMOA PT126/1953/54 316 $aValore stimato$5IT-UONSI PER DUOMOA PT126/1956 316 $aValore stimato$5IT-UONSI PER DUOMOA PT126/1958/60 316 $aValore stimato$5IT-UONSI PER DUOMOA PT126/1928 606 $aLINGUE UGRO-FINNICHE$xPeriodici$3UONC098490$2FI 620 $aFI$dHelsinki$3UONL000062 676 $a494.5$cLingue ugrofinniche$v21 712 02$aSuomalais Ugrilainen Seura$3UONV248367 712 $aSuomalais Ugrilainen Seura$3UONV248367$4650 791 02$aSociété Finno-Ougrienne$zSuomalais Ugrilainen Seura$3UONV248368 801 $aIT$bSOL$c20241206$gRICA 856 4 $uhttps://journal.fi/fuf/issue/archive$zIn Open Access dal volume 61 899 $aSIBA - SISTEMA BIBLIOTECARIO DI ATENEO$2UONSI$41(1901)-65(2020). Lacune: 1971$cPER DUOMO A PT 126 ; 912 $aUON00237472 950 $aSIBA - SISTEMA BIBLIOTECARIO DI ATENEO$bSI 1(1901)-65(2020). Lacune: 1971$dSI PER DUOMO A PT 126 61(2012) $eSI 3965 6 61(2012) Fattura 2130124/2013$dSI PER DUOMO A PT 126 62(2014) $eSI 13983 7 62(2014) Pubbl. nel 2014.$dSI PER DUOMO A PT 126 63(2016) $eSI 21541 7 63(2016) Pubblicato nel 2016$dSI PER DUOMO A PT 126 64(2018) $eSI 28033 7 64(2018) Pubblicato nel 2018$dSI PER DUOMO A PT 126 65(2020) $eSI 36897 7 65(2020) Vol. 65$dSI PER DUOMO A PT 126 1977 $eSI EO 1132 7 1977 Valore stimato$dSI PER DUOMO A PT 126 1937 $eSI EO 4249 7 1937 Valore stimato$dSI PER DUOMO A PT 126 1982 $eSI EO 10530 7 1982 Valore stimato$dSI PER DUOMO A PT 126 1979 $eSI EO 11819/1 7 1979 Valore stimato$dSI PER DUOMO A PT 126 1983 $eSI EO 12627 7 1983 Valore stimato$dSI PER DUOMO A PT 126 1984 $eSI EO 14763 7 1984 Valore stimato$dSI PER DUOMO A PT 126 1985 $eSI EO 15088 7 1985 Valore stimato$dSI PER DUOMO A PT 126 1987 $eSI EO 18433 7 1987 Valore stimato$dSI PER DUOMO A PT 126 1990 $eSI EO 21147 7 1990 Valore stimato$dSI PER DUOMO A PT 126 1991 $eSI EO 21794 7 1991 Valore stimato$dSI PER DUOMO A PT 126 1993 $eSI EO 23274 7 1993 Valore stimato$dSI PER DUOMO A PT 126 1994 $eSI EO 25710 7 1994 Valore stimato$dSI PER DUOMO A PT 126 FIN 1996 $eSI EO 26613 7 1996 Fatt. n. 9602941/96$dSI PER DUOMO A PT 126 FIN 54(1997) $eSI EO 27577 7 54(1997) Fatt. n. 9701240/1$dSI PER DUOMO A PT 126 55(1999) $eSI EO 30974 7 55(1999) Fatt. N. 9901768 del 17.5.99$dSI PER DUOMO A PT 126 56(2001) $eSI EO 33201 7 56(2001) Tieteellisten seurain valtuuskunta fatt. n. 21621/01$dSI PER DUOMO A PT 126 57(2002) $eSI EO 35034 7 57(2002) $dSI PER DUOMO A PT 126 58(2004) $eSI EO 36729 7 58(2004) $eSI EO 39240 7 59(2006) $dSI PER DUOMO A PT 126 60(2009) $eSI EO 45870 7 60(2009) $dSI PER DUOMO A PT 126 1969 $eSI FU 298 7 1969 Valore stimato$dSI PER DUOMO A PT 126 1973 $eSI FU 598/1 7 1973 Valore stimato$dSI PER DUOMO A PT 126 1975 $eSI FU 598/2 7 1975 Valore stimato$dSI PER DUOMO A PT 126 1970 $eSI FU 598 7 1970 Valore stimato$dSI PER DUOMO A PT 126 1971 $eSI FU 664 7 1971 Valore stimato Fasc.: 1,2.$dSI PER DUOMO A PT 126 FIN 1901 $eSI GL 187 7 1901 Valore stimato$dSI PER DUOMO A PT 126 1902 $eSI GL 188 7 1902 Valore stimato$dSI PER DUOMO A PT 126 1903 $eSI GL 189 7 1903 Valore stimato$dSI PER DUOMO A PT 126 1904 $eSI GL 190 7 1904 Valore stimato$dSI PER DUOMO A PT 126 1905 $eSI GL 191 7 1905 Valore stimato$dSI PER DUOMO A PT 126 1906 $eSI GL 192 7 1906 Valore stimato$dSI PER DUOMO A PT 126 1907 $eSI GL 193 7 1907 Valore stimato$dSI PER DUOMO A PT 126 1908 $eSI GL 194 7 1908 Valore stimato$dSI PER DUOMO A PT 126 1909 $eSI GL 195 7 1909 Valore stimato$dSI PER DUOMO A PT 126 1910 $eSI GL 196 7 1910 Valore stimato$dSI PER DUOMO A PT 126 1911 $eSI GL 197 7 1911 Valore stimato$dSI PER DUOMO A PT 126 1912 $eSI GL 198 7 1912 Valore stimato$dSI PER DUOMO A PT 126 1913 $eSI GL 199 7 1913 Valore stimato$dSI PER DUOMO A PT 126 1914 $eSI GL 200 7 1914 Valore stimato$dSI PER DUOMO A PT 126 1915 $eSI GL 201 7 1915 Valore stimato$dSI PER DUOMO A PT 126 1923/24 $eSI GL 202 7 1923/24 Valore stimato$dSI PER DUOMO A PT 126 1925 $eSI GL 203 7 1925 Valore stimato$dSI PER DUOMO A PT 126 1927 $eSI GL 204 7 1927 Valore stimato$dSI PER DUOMO A PT 126 1929 $eSI GL 205 7 1929 Valore stimato$dSI PER DUOMO A PT 126 1933 $eSI GL 206 7 1933 Valore stimato$dSI PER DUOMO A PT 126 1934 $eSI GL 207 7 1934 Valore stimato$dSI PER DUOMO A PT 126 1935 $eSI GL 208 7 1935 Valore stimato$dSI PER DUOMO A PT 126 1938 $eSI GL 210 7 1938 Valore stimato$dSI PER DUOMO A PT 126 1938/40 $eSI GL 211 7 1938/40 Valore stimato$dSI PER DUOMO A PT 126 1941 $eSI GL 212/1 7 1941 Valore stimato$dSI PER DUOMO A PT 126 1944 $eSI GL 213/1 7 1944 Valore stimato$dSI PER DUOMO A PT 126 1946 $eSI GL 214 7 1946 Valore stimato$dSI PER DUOMO A PT 126 1949/51 $eSI GL 215 7 1949/51 Valore stimato$dSI PER DUOMO A PT 126 1953/54 $eSI GL 216 7 1953/54 Valore stimato$dSI PER DUOMO A PT 126 1956 $eSI GL 217 7 1956 Valore stimato$dSI PER DUOMO A PT 126 1958/60 $eSI GL 218 7 1958/60 Valore stimato$dSI PER DUOMO A PT 126 1928 $eSI MR 55030 7 1928 Valore stimato 951 $aSIBA - SISTEMA BIBLIOTECARIO DI ATENEO$bSI2013641 1J 20130916 951 $aSIBA - SISTEMA BIBLIOTECARIO DI ATENEO$bSI20158 1Z 20150107ABBONAMENTO 2014 v. 63: non ancora pubbl. a fine 2016, perciò accettato annullam 951 $aSIBA - SISTEMA BIBLIOTECARIO DI ATENEO$bSI20161268 1J 20161004Inizialmente ABBONAMENTO 2016 al v. 64(2015), v. 64: ma accettato v. 63(2016) pe 951 $aSIBA - SISTEMA BIBLIOTECARIO DI ATENEO$bSI2017841 1J 20170831ABBONAMENTO 2017 v. 64 pubblicato nel 2018 951 $aSIBA - SISTEMA BIBLIOTECARIO DI ATENEO$bSI2018341 1Z 20180907ABBONAMENTO 2018 v. 65: pur pubblicato non rispondono ad Ellediemme, perciò di c 951 $aSIBA - SISTEMA BIBLIOTECARIO DI ATENEO$bSI2020276 1J 20200904 951 $aSIBA - SISTEMA BIBLIOTECARIO DI ATENEO$bSI2021993 1Z 20210423diventato open access perciò annullato. 996 $aFINNISCH-UGRISCHE forschungen$91305318 997 $aUNIOR LEADER 04041nam 2200661 a 450 001 9910822155803321 005 20250416110502.0 010 $a9786613655950 010 $a9781119202417 010 $a1119202418 010 $a9781280679025 010 $a1280679026 010 $a9781118221815 010 $a1118221818 035 $a(EBL)836566 035 $a(CaSebORM)9781118235607 035 $a(MiAaPQ)EBC836566 035 $a(OCoLC)814403706 035 $a(OCoLC)ocn814403706 035 $a(CKB)2550000000103501 035 $a(Perlego)1002197 035 $a(FR-PaCSA)88944901 035 $a(FRCYB88944901)88944901 035 $a(EXLCZ)992550000000103501 100 $a20120105d2012 uy 0 101 0 $aeng 135 $aur|n|---||||| 181 $ctxt 182 $cc 183 $acr 200 10$aBehavioral finance and investor types $emanaging behavior to make better investment decisions /$fMichael M. Pompian 205 $a1st edition 210 $aHoboken, N.J. $cJohn Wiley & Sons, Inc.$dc2012 210 1$aWest Sussex, England$cJohn Wiley & Sons$d2012 215 $a1 online resource (232 pages) 225 1 $aWiley finance 300 $aIncludes index. 311 08$a9781118235607 311 08$a1118235606 311 08$aPrint version: Pompian, Michael M.,1963- Behavioral finance and investor types Hoboken, NJ : Wiley, 2012 9781118011508 (DLC) 2011052854 311 08$a1118011503 320 $aIncludes bibliographical references and index. 327 $apt. 1. Introduction to behavioral finance -- pt. 2. Personality theory -- pt. 3. Explanation of the behavioral investor types -- pt. 4. Plan and act. 330 $a"Achieve investing success by understanding your behavior typeThis groundbreaking book shows how to invest wisely by managing your behavior, and not just your money. Step by step, Michael Pompian (a leading authority in the practical application of Behavioral Finance concepts to wealth management) helps you plan a strategy targeted to your personality. The book includes a test for determining your investment type and offers strategies you can put into use when investing. It also includes a brief history of the stock market, and easy-to-comprehend information about stocks and investing to help you lay a solid foundation for your investment decisions.Behavioral Finance and Investor Types is divided into two parts. Test Your Type, gives an overview of Behavioral Finance as well as the elements that come into play when figuring out BIT, like active or passive traits, risk tolerance, and biases. The book includes a quiz to help you discover what category you are in. Plan and Act, contains the traits common to your type; an analysis of the biases associated with your type; and strategies and solutions that compliment and capitalize on your BIT. Offers a practical guide to an investing strategy that fits both your financial situation and your personality type Includes a test for determining your tolerance for risk and other traits that will determine your investment type Written by the Director of the Private Wealth Practice for Hammond Associates--an investment consulting firm serving institutional and private wealth clients Behavioral Finance and Investor Types offers investors a better sense of what drives them and what puts on their breaks. By using the information found here, you'll quickly become savvy about the world of investing because you'll come to understand your place in it"--$cProvided by publisher. 410 0$aWiley finance series. 606 $aInvestments$xPsychological aspects 606 $aInvestments$xDecision making 615 0$aInvestments$xPsychological aspects. 615 0$aInvestments$xDecision making. 676 $a332.601/9 686 $aBUS036000$2bisacsh 700 $aPompian$b Michael M.$f1963-$0885892 801 0$bUMI 801 1$bUMI 906 $aBOOK 912 $a9910822155803321 996 $aBehavioral finance and investor types$93921438 997 $aUNINA